Синтез и строение (бис(3,5-диметил-1н-пиразол-1-ил)-метан)дииодокобальта(II); Журнал структурной химии; Т. 46, № 6
| Parent link: | Журнал структурной химии.— , 1960- Т. 46, № 6.— 2005.— [С. 1141-1145] |
|---|---|
| अन्य लेखक: | , , , , , , , |
| सारांश: | Заглавие с экрана Синтезирован комплекс иодида кобальта(II) с бис(3,5-диметил-1Н-пиразол-1-ил)метаном (L) состава CoLI2 и получены его монокристаллы. Комплекс охарактеризован данными электронной спектроскопии и рентгеноструктурного анализа. Соединение кристаллизуется в моноклинной сингонии (a = 8,4044(4), b = 13,3120(5), c = 14,5824(7) Å β = 94,7290(10)° V = 1625,92(13) Å3; Z = 4; ρвыч = 2,112 г/см3; пространственная группа P21/m). Структура комплекса - молекулярная одноядерная. Способ координации L - бидентатно-циклический, координационный полиэдр атома кобальта - тетраэдр CoN2I2, образованный атомами азота пиразольных фрагментов L и атомами иода. В структуре комплекса реализуются п-п-стекинговые взаимодействия между пиразольными циклами молекул CoLI2, связывающие их в бесконечные цепочки вдоль оси b. Режим доступа: по договору с организацией-держателем ресурса |
| भाषा: | रूसी |
| प्रकाशित: |
2005
|
| विषय: | |
| ऑनलाइन पहुंच: | http://elibrary.ru/item.asp?id=9126699 |
| स्वरूप: | इलेक्ट्रोनिक पुस्तक अध्याय |
| KOHA link: | https://koha.lib.tpu.ru/cgi-bin/koha/opac-detail.pl?biblionumber=639635 |
MARC
| LEADER | 00000naa0a2200000 4500 | ||
|---|---|---|---|
| 001 | 639635 | ||
| 005 | 20250218094831.0 | ||
| 035 | |a (RuTPU)RU\TPU\network\4123 | ||
| 090 | |a 639635 | ||
| 100 | |a 20150318d2005 k||y0rusy50 ca | ||
| 101 | 0 | |a rus | |
| 102 | |a RU | ||
| 135 | |a drnn ---uucaa | ||
| 181 | 0 | |a i | |
| 182 | 0 | |a b | |
| 200 | 1 | |a Синтез и строение (бис(3,5-диметил-1н-пиразол-1-ил)-метан)дииодокобальта(II) |d Synthesis and structure of (bis(3,5-dimethyl-1H-pyrazol-1-yl)methane) diiodocobalt(II) |f М. Б. Бушуев [и др.] | |
| 203 | |a Текст |c электронный | ||
| 300 | |a Заглавие с экрана | ||
| 330 | |a Синтезирован комплекс иодида кобальта(II) с бис(3,5-диметил-1Н-пиразол-1-ил)метаном (L) состава CoLI2 и получены его монокристаллы. Комплекс охарактеризован данными электронной спектроскопии и рентгеноструктурного анализа. Соединение кристаллизуется в моноклинной сингонии (a = 8,4044(4), b = 13,3120(5), c = 14,5824(7) Å β = 94,7290(10)° V = 1625,92(13) Å3; Z = 4; ρвыч = 2,112 г/см3; пространственная группа P21/m). Структура комплекса - молекулярная одноядерная. Способ координации L - бидентатно-циклический, координационный полиэдр атома кобальта - тетраэдр CoN2I2, образованный атомами азота пиразольных фрагментов L и атомами иода. В структуре комплекса реализуются п-п-стекинговые взаимодействия между пиразольными циклами молекул CoLI2, связывающие их в бесконечные цепочки вдоль оси b. | ||
| 333 | |a Режим доступа: по договору с организацией-держателем ресурса | ||
| 461 | |t Журнал структурной химии |d 1960- | ||
| 463 | |t Т. 46, № 6 |v [С. 1141-1145] |d 2005 | ||
| 510 | 1 | |a Synthesis and structure of (bis(3,5-dimethyl-1H-pyrazol-1-yl)methane) diiodocobalt(II) |z eng | |
| 610 | 1 | |a электронный ресурс | |
| 610 | 1 | |a труды учёных ТПУ | |
| 610 | 1 | |a иодиды | |
| 610 | 1 | |a кобальт | |
| 610 | 1 | |a синтез | |
| 610 | 1 | |a кристаллическая структура | |
| 610 | 1 | |a координационные соединения | |
| 701 | 1 | |a Бушуев |b М. Б. | |
| 701 | 1 | |a Вировец |b А. В. | |
| 701 | 1 | |a Пересыпкина |b Е. В. | |
| 701 | 1 | |a Наумов |b Д. Ю. | |
| 701 | 1 | |a Потапов |b А. С. |c химик |c профессор Томского политехнического университета, доктор химических наук |f 1981- |g Андрей Сергеевич |3 (RuTPU)RU\TPU\pers\33902 |9 17475 | |
| 701 | 1 | |a Хлебников |b А. И. |c химик |c профессор Томского политехнического университета |f 1963- |g Андрей Иванович |3 (RuTPU)RU\TPU\pers\33924 |9 17497 | |
| 701 | 1 | |a Василевский |b С. Ф. | |
| 701 | 1 | |a Лавренова |b Л. Г. | |
| 801 | 2 | |a RU |b 63413507 |c 20170317 |g RCR | |
| 856 | 4 | |u http://elibrary.ru/item.asp?id=9126699 | |
| 942 | |c CF | ||